| 000 -LEADER |
| fixed length control field |
00927cam a2200265 a 4500 |
| 001 - CONTROL NUMBER |
| control field |
1237603 |
| 003 - CONTROL NUMBER IDENTIFIER |
| control field |
OSt |
| 005 - DATE AND TIME OF LATEST TRANSACTION |
| control field |
20260126152506.0 |
| 008 - FIXED-LENGTH DATA ELEMENTS--GENERAL INFORMATION |
| fixed length control field |
230807s2023 nyu d 000 0 eng d |
| 020 ## - INTERNATIONAL STANDARD BOOK NUMBER |
| International Standard Book Number |
9780316153621 |
| Qualifying information |
(pbk.) |
| 040 ## - CATALOGING SOURCE |
| Original cataloging agency |
ICrlF |
| Language of cataloging |
eng |
| Description conventions |
aacr2 |
| Transcribing agency |
HT |
| Modifying agency |
HT |
| -- |
VYG |
| -- |
YDX |
| -- |
BDX |
| -- |
HQD |
| -- |
EHH |
| -- |
YDX |
| -- |
OCLCO |
| -- |
IHX |
| -- |
OCLCF |
| -- |
CHILD |
| -- |
TWTNM |
| -- |
KH8 |
| 042 ## - AUTHENTICATION CODE |
| Authentication code |
nbic |
| 082 ## - DEWEY DECIMAL CLASSIFICATION NUMBER |
| Classification number |
FIC GRA |
| 100 1# - MAIN ENTRY--PERSONAL NAME |
| Personal name |
Grace, Adalyn, |
| Relator term |
author. |
| 245 10 - TITLE STATEMENT |
| Title |
Belladonna / |
| Statement of responsibility, etc. |
Adalyn Grace. |
| 250 ## - EDITION STATEMENT |
| Edition statement |
1st trade pbk. ed. |
| 260 ## - PUBLICATION, DISTRIBUTION, ETC. |
| Place of publication, distribution, etc. |
New York : |
| Name of publisher, distributor, etc. |
Little, Brown and Company, |
| Date of publication, distribution, etc. |
2023. |
| 300 ## - PHYSICAL DESCRIPTION |
| Extent |
408 p. ; |
| Dimensions |
21 cm. |
| 520 ## - SUMMARY, ETC. |
| Summary, etc. |
Nineteen-year-old orphan Signa Farrow confronts Death--and her own deathly powers--when she investigates the mysterious murder of a relative at the Thorn Grove estate. |
| 650 #0 - SUBJECT ADDED ENTRY--TOPICAL TERM |
| Topical term or geographic name entry element |
Orphans |
| Form subdivision |
Fiction. |
| 650 #0 - SUBJECT ADDED ENTRY--TOPICAL TERM |
| Topical term or geographic name entry element |
Ghosts |
| Form subdivision |
Fiction. |
| 650 #0 - SUBJECT ADDED ENTRY--TOPICAL TERM |
| Topical term or geographic name entry element |
Haunted houses |
| Form subdivision |
Fiction. |
| 650 #0 - SUBJECT ADDED ENTRY--TOPICAL TERM |
| Topical term or geographic name entry element |
Death |
| Form subdivision |
Fiction. |
| 942 ## - ADDED ENTRY ELEMENTS (KOHA) |
| Source of classification or shelving scheme |
|
| Koha item type |
Books - Fiction |